MARC

LEADER 00000nam0a2200000 4500
001 326889
005 20231101024301.0
035 |a (RuTPU)RU\TPU\book\352549 
090 |a 326889 
100 |a 20170118d1962 m y0rusy50 ca 
101 0 |a rus 
102 |a RU 
105 |a a z 001zy 
200 1 |a Фильтровая защита шахтного электрооборудования  |f В. А. Панасенко 
210 |a Москва  |c Госгортехиздат  |d 1962 
215 |a 28 с.  |c ил. 
320 |a Библиогр.: с. 28 
606 1 |a Рудничное электрооборудование  |x Защита  |2 stltpush  |3 (RuTPU)RU\TPU\subj\25673 
610 1 |a шахтное электрооборудование 
610 1 |a фильтры 
610 1 |a защита 
610 1 |a низковольтные электродвигатели 
610 1 |a взрывобезопасные пускатели 
610 1 |a высоковольтное электрооборудование 
610 1 |a высоковольтные электродвигатели 
610 1 |a промышленные испытания 
675 |a 622.333.002.5-83  |v 4 
700 1 |a Панасенко  |b В. А.  |g Виктор Андреевич 
801 1 |a RU  |b 63413507  |c 20170118 
801 2 |a RU  |b 63413507  |c 20170120  |g RCR 
942 |c BK